|
|
|
|
| LEADER |
00000nab a2200000 a 4500 |
| 001 |
vtls000915066 |
| 003 |
SK-MaSNL |
| 005 |
20260305014817.0 |
| 008 |
210903e19930201xo 0 slo |
| 035 |
|
|
|a KE23953
|
| 040 |
|
|
|a KEVKJB
|b slo
|c KEVKJB
|e AACR2
|
| 041 |
0 |
|
|a slo
|
| 044 |
|
|
|a xo
|c SK
|
| 080 |
|
|
|a 282
|2 1981
|
| 080 |
|
|
|a 262.3
|2 1981
|
| 080 |
|
|
|a 929
|2 1981
|
| 100 |
0 |
|
|a bm
|4 aut
|9 840066
|
| 245 |
1 |
0 |
|a Sviatok veriacich v hlahole zvonov
|b Máme svätiaceho biskupa
|
| 590 |
|
|
|a Bober, Bernard 1950-,
|b biskup
|
| 600 |
1 |
7 |
|a Bober, Bernard,
|d 1950-,
|2 KEVKJB
|9 183750
|
| 610 |
2 |
7 |
|a Rímskokatolícka cirkev
|2 SNKKA
|9 32394
|
| 650 |
0 |
7 |
|a diecézy košické
|2 KEVKJB
|9 1593255
|
| 650 |
0 |
7 |
|a vysvätenie slávnostné
|2 KEVKJB
|9 883586
|
| 655 |
|
7 |
|a periodikum
|2 snkbucl
|9 29553
|
| 773 |
0 |
8 |
|t Košický večer
|g Roč. 4
|g Roč. 28, č.21, 1.2.1993, s. 1
|
| 852 |
|
|
|a ZVYKNI
|b KIS3GCP
|
| 999 |
|
|
|c 3271499
|d 3273429
|